Investičný proces v stavebníctve a jeho dynamika

Na zmiernenie dopadov finančnej a hospodárskej krízy, v odvetví stavebníctva, prijala vláda SR viacero opatrení. Významnú úlohu predstavovali opatrenia zamerané na zvýšenie dopytu po stavebných prácach a čerpanie finančných prostriedkov zo štrukturálnych fondov EÚ, predovšetkým o opatrenia smerované...

Celý popis

Uložené v:
Podrobná bibliografia
Hlavný autor: Vidová, Jarmila, 1967-
Médium: Kapitola
Jazyk:Slovak
Predmet:
Tagy: Pridať tag
Žiadne tagy, Buďte prvý, kto otaguje tento záznam!

MARC

LEADER 00000nla$a2200000$$$4500
001 0120326
005 20240502072341.4
041 0 |a slo 
044 |a SK 
245 1 0 |a Investičný proces v stavebníctve a jeho dynamika  |c Jarmila Vidová 
520 |a Na zmiernenie dopadov finančnej a hospodárskej krízy, v odvetví stavebníctva, prijala vláda SR viacero opatrení. Významnú úlohu predstavovali opatrenia zamerané na zvýšenie dopytu po stavebných prácach a čerpanie finančných prostriedkov zo štrukturálnych fondov EÚ, predovšetkým o opatrenia smerované do veľkých investícií verejného charakteru. 
610 2 0 |a stavebníctvo 
610 2 0 |a proces investičný 
610 2 0 |a kríza hospodárska 
610 2 0 |a Slovensko 
100 1 |a Vidová, Jarmila, 1967-